书目信息 |
| 题名: |
波多里诺
|
|
| 作者: | 埃科 著 ;杨孟哲 译 | |
| 分册: | ||
| 出版信息: | 上海 上海译文出版社 2020.07 |
|
| 页数: | 530页 | |
| 开本: | 21cm | |
| 丛书名: | 翁贝托·埃科作品系列 | |
| 单 册: | ||
| 中图分类: | I546.45 | |
| 科图分类: | ||
| 主题词: | 长篇小说--意大利--现代 | |
| 电子资源: | ||
| ISBN: | 978-7-5327-8486-8 | |
| 000 | 01401oam2 2200289 450 | |
| 001 | 0102100410 | |
| 005 | 20210402100818.0 | |
| 010 | @a978-7-5327-8486-8@b精装@dCNY89.00 | |
| 100 | @a20200911d2020 em y0chiy50 ea | |
| 101 | 1 | @achi@cita |
| 102 | @aCN@b310000 | |
| 105 | @ay z 000ay | |
| 106 | @ar | |
| 200 | 1 | @a波多里诺@Abo duo li nuo@dBaudolino@f(意)翁贝托·埃科著@g杨孟哲译@zita |
| 210 | @a上海@c上海译文出版社@d2020.07 | |
| 215 | @a530页@d21cm | |
| 225 | 2 | @a翁贝托·埃科作品系列 |
| 314 | @a翁贝托·埃科(1932-2016),欧洲重要的公共知识分子,小说家、符号学家、美学家、史学家、哲学家。出生于意大利亚历山德里亚,博洛尼亚大学教授。著有大量小说和随笔作品,如《玫瑰的名字》《傅科摆》《昨日之岛》《波多里诺》《洛阿娜女王的神秘火焰》《布拉格公墓》《试刊号》和《密涅瓦火柴盒》等。 | |
| 330 | @a《波多里诺》是翁贝托·埃科充满奇思妙想的一部悬疑小说,全书以中世纪神圣罗马帝国的扩张和君士坦丁堡的陷落为背景,主人公波多里诺是一个天才骗子,他声称自己讲述的一切都是假的,但有趣的是,他的谎言总是一出口就变成真。故事围绕波多里诺杜撰的“圣杯传说”,一行人向着神秘的东方展开了浩荡的旅程。 | |
| 461 | 0 | @12001 @a翁贝托·埃科作品系列 |
| 510 | 1 | @aBaudolino@zeng |
| 606 | 0 | @a长篇小说@y意大利@z现代 |
| 690 | @aI546.45@v5 | |
| 701 | 1 | @c(意)@a埃科@Aai ke@c(Eco, Umberto@f1932-2016@4著 |
| 702 | 0 | @a杨孟哲@Ayang meng zhe@4译 |
| 801 | 0 | @aCN@bBJSZM@c20210402 |
| 905 | @b1274245-9@dI546.45@e115@f5 | |
| 波多里诺=Baudolino/(意)翁贝托·埃科著/杨孟哲译.-上海:上海译文出版社,2020.07 |
| 530页;21cm.-(翁贝托·埃科作品系列) |
| ISBN 978-7-5327-8486-8(精装):CNY89.00 |
| 《波多里诺》是翁贝托·埃科充满奇思妙想的一部悬疑小说,全书以中世纪神圣罗马帝国的扩张和君士坦丁堡的陷落为背景,主人公波多里诺是一个天才骗子,他声称自己讲述的一切都是假的,但有趣的是,他的谎言总是一出口就变成真。故事围绕波多里诺杜撰的“圣杯传说”,一行人向着神秘的东方展开了浩荡的旅程。 |
| ● |
| 相关链接 |
|
|
|
|
正题名:波多里诺
索取号:I546.45/115
 
预约/预借
| 序号 | 登录号 | 条形码 | 馆藏地/架位号 | 状态 | 备注 |
| 1 | 1274245 | 212742451 | 第一样本阅览室/ [索取号:I546.45/115] | 在馆 | |
| 2 | 1274246 | 212742460 | 教育系资料室/ [索取号:I546.45/115] | 在馆 | |
| 3 | 1274247 | 212742479 | 教育系资料室/ [索取号:I546.45/115] | 在馆 | |
| 4 | 1274248 | 212742488 | 第二借阅区/ [索取号:I546.45/115] | 在馆 | |
| 5 | 1274249 | 212742497 | 第二借阅区/ [索取号:I546.45/115] | 在馆 |